000 00545pab a2200181 454500
008 180718b1999 xxu||||| |||| 00| 0 eng d
100 _aWaqif, Arif A.
245 _aCivil service capacity for regional cooperation: some comparative aspects in the EU and SAARC regions
260 _c1999
300 _ap.75-88
362 _aJan-Jun
650 _aEuropean union
650 _aSouth Asian Association for Regional Cooperation
650 _aCivil service
650 _aRegional cooperation
773 _aSouth Asian Survey
909 _a41731
999 _c41731
_d41731